[Event "Eurasia Cup op"]
[Site "Ekaterinburg"]
[Date "2019.08.08"]
[Round "9"]
[White "Krivonosov, Nikita"]
[Black "Karelina, Viktoriya"]
[Result "0-1"]
[WhiteElo "1602"]
[BlackElo "1918"]
[PlyCount "37"]
[EventDate "2019.07.31"]
[EventType "swiss"]
[EventRounds "9"]
[EventCountry "RUS"]
[SourceTitle "EXT 2020"]
[Source "ChessBase"]
[SourceDate "2019.10.17"]
[SourceVersion "1"]
[SourceVersionDate "2019.10.17"]
[SourceQuality "1"]

1. d4 Nf6 2. c4 g6 3. Nc3 Bg7 4. e4 d6 5. h3 0-0 6. Be3 c5 7. d5 b5 8. cxb5 a6 9. b6 Qxb6 10. Rb1 Qa5 11. Qc2 Nxe4 12. Rc1 Nxc3 13. bxc3 Bf5 14. Qe2 Nd7 15. a4 Be4 16. f3 Bb1 17. Qc4 Ne5 18. Qe2 Qxa4 19. Qd1 0-1

[Event "Urals-ch (Women)"]
[Site "Khanty-Mansiysk"]
[Date "2019.03.20"]
[Round "9"]
[White "Mukhina, Jana"]
[Black "Karelina, Viktoriya"]
[Result "1/2-1/2"]
[WhiteElo "2038"]
[BlackElo "1755"]
[PlyCount "68"]
[EventDate "2019.03.12"]
[EventType "swiss"]
[EventRounds "9"]
[EventCountry "RUS"]
[SourceTitle "CBM 189 Extra"]
[Source "ChessBase"]
[SourceDate "2019.06.03"]
[SourceVersion "1"]
[SourceVersionDate "2019.06.03"]
[SourceQuality "1"]

1. e4 e5 2. Nf3 Nc6 3. Bb5 a6 4. Ba4 Nf6 5. d3 b5 6. Bb3 Be7 7. a4 Bb7 8. 0-0 d6 9. Nc3 Na5 10. Ba2 b4 11. Ne2 b3 12. cxb3 c5 13. b4 cxb4 14. Bd2 Nc6 15. Qb3 0-0 16. Bxb4 Nxb4 17. Qxb4 Rb8 18. Qd2 h6 19. Ng3 Re8 20. b4 Bf8 21. Rfe1 Bc6 22. Rab1 Qd7 23. a5 Qb7 24. Qd1 d5 25. exd5 Bxd5 26. Bxd5 Qxd5 27. Ne4 Nxe4 28. dxe4 Qc4 29. Qd5 Rxb4 30. Rxb4 Qxb4 31. Rd1 Qb2 32. Rd2 Qb1+ 33. Rd1 Qb2 34. Rd2 Qb1+ 1/2-1/2

[Event "Urals-ch (Women)"]
[Site "Khanty-Mansiysk"]
[Date "2019.03.17"]
[Round "6"]
[White "Kabanova, Ekaterina"]
[Black "Karelina, Viktoriya"]
[Result "1-0"]
[WhiteElo "2086"]
[BlackElo "1755"]
[PlyCount "49"]
[EventDate "2019.03.12"]
[EventType "swiss"]
[EventRounds "9"]
[EventCountry "RUS"]
[SourceTitle "CBM 189 Extra"]
[Source "ChessBase"]
[SourceDate "2019.06.03"]
[SourceVersion "1"]
[SourceVersionDate "2019.06.03"]
[SourceQuality "1"]

1. d4 Nf6 2. Nf3 g6 3. Nc3 d5 4. Bf4 Bg7 5. e3 0-0 6. Be2 b6 7. Ne5 Bb7 8. h4 c5 9. h5 Nc6 10. hxg6 fxg6 11. Bg4 Nxg4 12. Qxg4 Nxe5 13. Bxe5 Bf6 14. Qe6+ Rf7 15. Rxh7 Qe8 16. Rh6 Qc8 17. Rxg6+ Kf8 18. Qxc8+ Rxc8 19. Bxf6 Rxf6 20. Rxf6+ exf6 21. Ke2 cxd4 22. exd4 Ke7 23. Rh1 Ba6+ 24. Ke3 Kd6 25. Rh5 1-0

[Event "Urals-ch (Women)"]
[Site "Khanty-Mansiysk"]
[Date "2019.03.16"]
[Round "5"]
[White "Karelina, Viktoriya"]
[Black "Garifullina, Leya"]
[Result "1-0"]
[WhiteElo "1755"]
[BlackElo "2095"]
[PlyCount "135"]
[EventDate "2019.03.12"]
[EventType "swiss"]
[EventRounds "9"]
[EventCountry "RUS"]
[SourceTitle "CBM 189 Extra"]
[Source "ChessBase"]
[SourceDate "2019.06.03"]
[SourceVersion "1"]
[SourceVersionDate "2019.06.03"]
[SourceQuality "1"]

1. e4 c5 2. Nf3 d6 3. d4 cxd4 4. Nxd4 Nf6 5. Nc3 a6 6. Nb3 e5 7. Bg5 Be6 8. Qd3 Nbd7 9. Be2 h6 10. Bxf6 Nxf6 11. 0-0-0 Be7 12. Kb1 Rc8 13. h4 h5 14. f3 Qd7 15. Qe3 Qc6 16. Rd2 b5 17. a3 Qc7 18. Qf2 Rb8 19. g4 Nd7 20. f4 hxg4 21. f5 Bc4 22. Bxg4 Nf6 23. Be2 a5 24. Qg2 a4 25. Nc1 b4 26. axb4 Rxb4 27. N1a2 Rb8 28. Nxa4 Bxa2+ 29. Kxa2 Qa5 30. b3 Nd7 31. Rd5 Nc5 32. Qxg7 Rf8 33. f6 Bd8 34. h5 Qa8 35. Rxc5 dxc5 36. Bd3 Qc6 37. Rf1 Ba5 38. h6 Kd7 39. h7 Ra8 40. Rd1 Kc7 41. h8Q Rxh8 42. Qxf7+ Kb8 43. Qg7 Rc8 44. Kb2 c4 45. Bxc4 Bb4 46. Rd5 Rxa4 47. bxa4 Rc7 48. Qg8+ Ka7 49. Rb5 Bc3+ 50. Kxc3 Rc8 51. Qd5 Qa6 52. Qd7+ Ka8 53. Rb8+ Kxb8 54. Qb5+ Qb7 55. Qxb7+ Kxb7 56. a5 Kc6 57. a6 Kb6 58. f7 Kc5 59. Kd3 Rd8+ 60. Kc3 Rc8 61. Be6 Rd8 62. Bd7 Rf8 63. Be8 Kb6 64. Kc4 Rh8 65. Kd5 Kxa6 66. Ke6 Kb6 67. Ke7 Rh7 68. Kf6 1-0

[Event "Satka Autumn op (Women)"]
[Site "Satka"]
[Date "2015.09.25"]
[Round "4"]
[White "Buldakova, Irina"]
[Black "Karelina, Viktoriya"]
[Result "0-1"]
[WhiteElo "1766"]
[BlackElo "1768"]
[PlyCount "80"]
[EventDate "2015.09.22"]
[EventType "swiss"]
[EventRounds "9"]
[EventCountry "RUS"]
[SourceTitle "CBM 168 Extra"]
[Source "ChessBase"]
[SourceDate "2015.10.29"]
[SourceVersion "1"]
[SourceVersionDate "2015.10.29"]
[SourceQuality "1"]

1. d4 Nf6 2. Nf3 g6 3. c4 Bg7 4. Nc3 0-0 5. e4 d6 6. Be2 Nbd7 7. 0-0 e5 8. d5 Nc5 9. Bd3 a5 10. h3 Nh5 11. Ne1 Nf4 12. Bxf4 exf4 13. Qd2 g5 14. Bc2 Qf6 15. Nd3 Nxd3 16. Qxd3 g4 17. hxg4 Bxg4 18. e5 Qh6 19. f3 Bd7 20. exd6 cxd6 21. Kf2 Rfe8 22. Rh1 Qg6 23. Qd2 Qg3+ 24. Kf1 f5 25. Ne2 Qg5 26. Qxf4 Qxf4 27. Nxf4 Rac8 28. Bd3 Bxb2 29. Rb1 Be5 30. Rxb7 Bxf4 31. Rxd7 Bg3 32. Be4 fxe4 33. Rhxh7 Be5 34. Rh4 Rxc4 35. f4 Bb2 36. Rg4+ Kf8 37. Rxd6 e3 38. Re6 Rxe6 39. dxe6 Rc2 40. e7+ Kxe7 0-1